| 000 | 00723nam a22001697a 4500 | ||
|---|---|---|---|
| 008 | 090423t xxu||||| |||| 00| 0 eng d | ||
| 082 |
_222 _a616.027 _bWEB |
||
| 245 |
_aNanotechnology for the regeneration of hard and soft tissues / _c editor, Thomas J. Webster. |
||
| 260 |
_aLondon : _bWorld Scientific, _cc2007 |
||
| 300 |
_axxi, 237 p. : . _b ill. (some col.) ; _c 24 cm |
||
| 504 | _a Includes bibliographical references and index. | ||
| 650 |
_94190 _aSoft tissue injuries. |
||
| 650 |
_94191 _aBone regeneration |
||
| 650 |
_94192 _aNanomedicine |
||
| 942 |
_2ddc _cBB |
||
| 999 |
_c11415 _d11415 |
||